Mathematical Analysis (Record no. 12992)

MARC details
000 -LEADER
fixed length control field 00437nam a22001817a 4500
003 - CONTROL NUMBER IDENTIFIER
control field OSt
008 - FIXED-LENGTH DATA ELEMENTS--GENERAL INFORMATION
fixed length control field 210520b ||||| |||| 00| 0 eng d
020 ## - INTERNATIONAL STANDARD BOOK NUMBER
International Standard Book Number 9789385923869
082 ## - DEWEY DECIMAL CLASSIFICATION NUMBER
Classification number 515
Item number MAM
100 ## - MAIN ENTRY--PERSONAL NAME
Personal name MALIK, S C
245 ## - TITLE STATEMENT
Title Mathematical Analysis
250 ## - EDITION STATEMENT
Edition statement 7th
260 ## - PUBLICATION, DISTRIBUTION, ETC. (IMPRINT)
Place of publication, distribution, etc New Delhi:
Name of publisher, distributor, etc New Age international Publishers,
Date of publication, distribution, etc 2024.
300 ## - PHYSICAL DESCRIPTION
Extent xiv, 874
650 ## - SUBJECT ADDED ENTRY--TOPICAL TERM
Topical term or geographic name as entry element BCA CTIS
700 ## - ADDED ENTRY--PERSONAL NAME
Personal name ARORA, Savita
942 ## - ADDED ENTRY ELEMENTS (KOHA)
Source of classification or shelving scheme Dewey Decimal Classification
Koha item type Text Books
Holdings
Withdrawn status Lost status Source of classification or shelving scheme Damaged status Not for loan Collection code Home library Current library Date acquired Source of acquisition Currency Cost, normal purchase price Bill Number Total Checkouts Full call number Acc. no. / Barcode Date last seen Actual Cost, discounted price Bill Date Koha item type Date last borrowed
    Dewey Decimal Classification     BCA in Data Structure PIET C-LIBRARY PIET C-LIBRARY 26/12/2024 Zafaa Books and Distributors INR 750.00 ZBD0382   515 MAM BC2466 26/12/2024 510.00 19/12/2024 Text Books  
    Dewey Decimal Classification     BCA in Data Structure PIET C-LIBRARY PIET C-LIBRARY 26/12/2024 Zafaa Books and Distributors INR 750.00 ZBD0382   515 MAM BC2467 26/12/2024 510.00 19/12/2024 Text Books  
    Dewey Decimal Classification     BCA in Data Structure PIET C-LIBRARY PIET C-LIBRARY 26/12/2024 Zafaa Books and Distributors INR 750.00 ZBD0382   515 MAM BC2468 26/12/2024 510.00 19/12/2024 Text Books  
    Dewey Decimal Classification     BCA in Data Structure PIET C-LIBRARY PIET C-LIBRARY 26/12/2024 Zafaa Books and Distributors INR 750.00 ZBD0382 1 515 MAM BC2469 26/03/2025 510.00 19/12/2024 Text Books 19/03/2025
    Dewey Decimal Classification     BCA in Data Structure PIET C-LIBRARY PIET C-LIBRARY 26/12/2024 Zafaa Books and Distributors INR 750.00 ZBD0382 1 515 MAM BC2470 01/04/2025 510.00 19/12/2024 Text Books 19/03/2025
    Dewey Decimal Classification     BCA in Data Structure PIET C-LIBRARY PIET C-LIBRARY 26/12/2024 Zafaa Books and Distributors INR 750.00 ZBD0382 1 515 MAM BC2471 26/03/2025 510.00 19/12/2024 Text Books 21/03/2025
    Dewey Decimal Classification     BCA in Data Structure PIET C-LIBRARY PIET C-LIBRARY 26/12/2024 Zafaa Books and Distributors INR 750.00 ZBD0382   515 MAM BC2472 26/12/2024 510.00 19/12/2024 Text Books  
    Dewey Decimal Classification     BCA in Data Structure PIET C-LIBRARY PIET C-LIBRARY 26/12/2024 Zafaa Books and Distributors INR 750.00 ZBD0382 1 515 MAM BC2473 04/04/2025 510.00 19/12/2024 Text Books 19/03/2025
    Dewey Decimal Classification     BCA in Data Structure PIET C-LIBRARY PIET C-LIBRARY 26/12/2024 Zafaa Books and Distributors INR 750.00 ZBD0382   515 MAM BC2474 26/12/2024 510.00 19/12/2024 Text Books  
    Dewey Decimal Classification     BCA in Data Structure PIET C-LIBRARY PIET C-LIBRARY 26/12/2024 Zafaa Books and Distributors INR 750.00 ZBD0382   515 MAM BC2475 26/12/2024 510.00 19/12/2024 Text Books  

Design & Developed by: PIET Central Library
R70 Miles Stone Pattikalyana Samalkha Panipat 132102
mail ID :- [email protected], Phone No:- 0180-2569700 Ex.216